Dr P C Markanda The Law of Contract/ (Record no. 214094)
[ view plain ]
| 000 -LEADER | |
|---|---|
| fixed length control field | 00758nam a22002177a 4500 |
| 005 - DATE AND TIME OF LATEST TRANSACTION | |
| control field | 20260113151518.0 |
| 010 ## - LCCN (DPL NO) | |
| LC control number | ENG-147409-410 |
| 020 ## - INTERNATIONAL STANDARD BOOK NUMBER | |
| International Standard Book Number | 9789349015708(Set of 2) |
| Terms of availability | 1095.00 |
| 035 ## - SYSTEM CONTROL NUMBER | |
| System control number | EN-130941-942 |
| 037 ## - SOURCE OF ACQUISITION | |
| Source of stock number/acquisition | DBAD |
| Stock number | DPL |
| 082 ## - DEWEY DECIMAL CLASSIFICATION NUMBER | |
| Classification number | 346.5402 |
| Edition number | 6 |
| 100 ## - MAIN ENTRY--PERSONAL NAME | |
| Personal name | Markanda, Naresh |
| 245 ## - TITLE STATEMENT | |
| Title | Dr P C Markanda The Law of Contract/ |
| Statement of responsibility, etc | Naresh Markanda [and] Rajesh Markanda |
| 250 ## - EDITION STATEMENT | |
| Edition statement | 6 |
| 260 ## - PUBLICATION, DISTRIBUTION, ETC. (IMPRINT) | |
| Place of publication, distribution, etc | Haryana |
| Name of publisher, distributor, etc | Lexis Nexis |
| Date of publication, distribution, etc | 2026 |
| 270 ## - ADDRESS | |
| Address | 14th Floor, Building No. 10, Tower-B, DLF Cyber City, Phase-II, Gurgaon |
| City | Haryana |
| Postal code | 122002 |
| Electronic mail address | help.in@lexisnexis.com |
| 300 ## - PHYSICAL DESCRIPTION | |
| Extent | cdxi,viii,2380p. |
| Dimensions | 24cm(hb) |
| 490 ## - SERIES STATEMENT | |
| Volume number/sequential designation | Vol 1, Vol 2 |
| 700 ## - ADDED ENTRY--PERSONAL NAME | |
| Personal name | Markanada, Rajesh |
| Relator term | Auhtor |
| 9 (RLIN) | 86329 |
| 942 ## - ADDED ENTRY ELEMENTS (KOHA) | |
| Source of classification or shelving scheme | Dewey Decimal Classification |
| Item type | English Books |
| Classification part | 346.5402 |
| Call number suffix | MAR |
| Edition | 6 |
| Withdrawn status | Lost status | Materials specified (bound volume or other part) | Not for loan | Collection code | Home library | Current library | Date acquired | Source of acquisition | Cost, normal purchase price | Full call number | Barcode | Copy number | Cost, replacement price | Koha item type |
|---|---|---|---|---|---|---|---|---|---|---|---|---|---|---|
| VOL-2 | Not For Loan | Reference | D.B.Act.Division | D.B.Act.Division | 13/01/2026 | Delivery of Books Act Division | 5498.00 | 346.5402 MAR | EN-130941 | 1 | 5498.00 | English Books | ||
| VOL-1 | Not For Loan | Reference | D.B.Act.Division | D.B.Act.Division | 13/01/2026 | Delivery of Books Act Division | 5498.00 | 346.5402 MAR | EN-130942 | 1 | 5498.00 | English Books |
